| 000 | 01164nam a22002057a 4500 | ||
|---|---|---|---|
| 003 | JO-AjAnu | ||
| 005 | 20240605134030.0 | ||
| 008 | 240324b jo ||||| |||| 00| 0 ara d | ||
| 040 | 0 |
_cJO-AjAnu _aJO-AjAnu _bara |
|
| 041 |
_aara _eara |
||
| 050 |
_aLC4704 _b2024 |
||
| 100 |
_aحمدان، محمد ايوب محمد _eمؤلف _965111 |
||
| 245 |
_aدرجة امتلاك معلمي الطلبة ذوي صعوبات التعلم لمهارات القرن الحادي والعشرين في ضوء بعض المتغيرات الديموغرافية = The Proficiency of Teachers of Students With Learning Disabilities in the 21st Century Skills in Light of Some Demographic Variables _c / اعداد محمد أيوب محمد حمدان ؛ اشراف الهام مصطفى القصيرين |
||
| 260 | _c2024 | ||
| 300 | _a108 ورقة | ||
| 500 | _aرسالة جامعية (ماجستير) - جامعة عجلون الوطنية - تخصص صعوبات التعلم/كلية العلوم التربوية ، 2024 | ||
| 650 | _vصعوبات التعلم-تعليم | ||
| 700 |
_aالهام مصطفى القصيرين _eمشرف _964898 |
||
| 942 |
_2lcc _cTHS _n0 |
||
| 999 |
_c33333 _d33333 |
||